| 000 | 00730nam a22002417a 4500 | ||
|---|---|---|---|
| 005 | 20170124105917.0 | ||
| 010 | _aB-219771 | ||
| 020 |
_c600.00 _a9788174452917 |
||
| 035 | _aB-219771 | ||
| 037 | _bCen Lib/Ret | ||
| 040 |
_aDPL _bEN |
||
| 082 |
_a338.4791 _bKAB |
||
| 100 |
_aKabia, Sunil K. _93122 |
||
| 245 |
_aTourism and the developing countries / _cby Sunil K. Kabia |
||
| 260 |
_aNew Delhi _bMohit Publications _c2005 |
||
| 270 |
_bNew Delhi _a4675/21, Ansari Road, Darya Ganj _e110002 |
||
| 300 |
_av,300p. _c22cmHb) |
||
| 500 | _aIncludes index | ||
| 650 |
_aTravel and Tourism _9102335 |
||
| 650 |
_aDeveloping country-Tourism _93124 |
||
| 650 |
_a _9102336 |
||
| 942 |
_2ddc _cEN _h338.4791 _mKAB |
||
| 999 |
_c122929 _d122929 |
||